000 00549 a2200181 4500
003 Nust
005 20170207153155.0
040 _cNust
082 _a005.8
100 _aAhmed, Muhammad Kamran (MSIS-6)
245 _aUser web activity monitoring
_cMuhammad Kamran Ahmed
260 _bMCS (NUST)
_cDec 2009
_aRawalpindi
300 _ax, 74, p.
505 _aIntroduction (page-1) Digital forensic (page-6) Introduction to HTTP sniffers (page-35) Conclusion (page-69)
538 _a Almirah No.70 Shelf No.4
650 _aPG Thesis
651 _aMSIS-6
942 _cTHS
999 _c180710
_d180710